000 00929nam a22003017a 4500
003 CHAP
005 20220329133843.0
008 971013s1986 us r 00010 eng d
010 _a11813
011 _a12785
035 _a16408
040 _cCHAP
082 0 4 _a631.7
_bS6
111 0 0 _aSouthwest Rangeland Watershed Research Center. Tucson, Arizona.
_9108987
245 1 _aBibliography
260 _aTucson, Arizona :
_bThe Center,
_c[1986?]
300 _a64 h.
590 _aBATCH-UPD
_b10
_c20130110
_lUCH01
_h1418
590 _aBATCH-UPD
_b10
_c20130410
_lUCH01
_h0901
590 _aBATCH-UPD
_b10
_c20130914
_lUCH01
_h1112
590 _aCONVERSION
_b10
_c20130109
_lUCH01
_h1308
650 1 4 _aCuencas.
_930085
650 1 4 _aHidrología
_xInvestigación.
_955264
710 0 _aE.U.A. Agricultural Research Service.
_934856
901 _aBK
942 _cLIBRO
949 _a631.7 S6
_bBC
_cC
_d33724000647137
_eC
_h70528
_i16408
_si
999 _c11813
_d11813